Jan Baudouin de Courtenay: The Linguist as Anti-Nationalist and Imperial Citizen
| Titel: | Jan Baudouin de Courtenay: The Linguist as Anti-Nationalist and Imperial Citizen / Theodore R. Weeks |
|---|---|
| Verfasser: | |
| In: |
Eliten im Vielvölkerreich, (2015), Seite 338-354 alle Artikel anzeigen |
| Veröffentlicht: | 2015 |
| Umfang: | 1 Illustration |
| Format: | Aufsatz |
| Sprache: | Englisch |
X
alg: 47595278 001A $03025:22-02-21 001B $01999:10-05-21 $t09:31:54.000 001D $03025:22-02-21 001U $0utf8 001X $00 002@ $0Oou 002C $aText $btxt $2rdacontent 002D $aComputermedien $bc $2rdamedia 002E $aOnline-Ressource $bcr $2rdacarrier 003@ $0475952782 007A $0475952782 $aHEB 010@ $aeng 010E $erda 011@ $a2015 021A $aJan Baudouin de Courtenay: The Linguist as Anti-Nationalist and Imperial Citizen $hTheodore R. Weeks 028A $BVerfasser $#Weeks, Theodore $#Weeks, Theodore Richard $#Weeks, Theodor $4aut $71061106705 $8Weeks, Theodore R.$Z1959- [Tp1] $9350070717 031A $h338-354 $j2015 034M $a1 Illustration 039B $aEnthalten in $8--Aau--. Eliten im Vielvölkerreich. - Berlin : De Gruyter Oldenbourg, 2015. - VII, 411 Seiten. - Illustrationen, Karten. - ISBN 3-11-041602-6 $x201500000000000662 $9358125367 044K $#Baudouin de Courtenay, Jan Ignacy Niecisław $#Baudouin de Courtenay, J. $#Baudouin de Courtenay, Jan $#Baudouin, Miecislaw Jan de Courtenay $#Baudouin, Niecislaw Jan de Courtenay $#Baudouin de Courtenay, Ivan A. $#Baudouin de Courtenay, Iwan A. $#Baudouin de Courtenay, J. $#Baudouin de Courtenay, Jan N. $#Baudouin de Courtenay, Jean $#Baudouin de Courtenay, Johann $#Baudoin de Courtenay, Jan Ignaci $#Baudoin de Courtenay, Jan Niecisław $#Courtenay, Jan Ignaci Baudoin de $#Courtenay, Iwan A. Baudouin de $#Baudouin, Jan $#Courtenay, Jan B. de $#Courtenay, Jan Baudouin de $#Courtenay, Jan I. de $#Courtenay, Jan I. B. de $#Courtenay, Jan N. $#Courtenay, Jan Niecislaw $#Courtenay, Jan Niecislaw B. de $#Courtenay, Jan Niecislaw Baudouin de $#Courtenay, Johann B. de $#Courtenay, Johann Baudoin de $#Boduėn de Kurtenė, I. $#Boduėn de Kurtenė, I. A. $#Boduėn de Kurtenė, Ivan Aleksandrovič $#Boduèn de Kurtenè, Ivan Aleksandrovič $#Boduėn de Kurtenė, Ivan Aleksandrovich $#Boduėn de Kurtenė, Ivan $#Boduen de Kurtene, Jan $#Boduėn-de-Kurtenė, I. $#Boduėn-de-Kurtenė, Ian A. $#Boduėn-de-Kurtenė, Ian Aleksandrovich $#Boduėn de Kurtenė, Ignatij Necislav $#Boduėn-de-Kurtenė, Ivan $#Buduėn-de-Kurtenė, Ivan Aleksandrovič $#Boduėn-de-Kurtenė, I.A. $#Boduen-de-Kurtene, J. A. $#Kurtenè, Ivan Aleksandrovič Boduèn de $#Kurtenė, Ivan Aleksandrovič Boduėn de $#Kurtenė, I. A. de $#Kurtenė, I. A. Boduėn de $#Kurtenė, Ivan Aleksandrovich Boduėn de $#Kurtenė, I. Boduėn de $#Kurtene, Jan Boduen de $#Courtenay, Jan I. Baudouin de $#Courtenay, Jan Baudoin de $7118507222 $8Baudouin de Courtenay, Jan Niecisław$Z1845-1929 [Tp1] $9086848356 044K $RRussische SFSR $#Russland $#Russland $#Россия $#Rußland $#Krievija $#Federazione Russa $#RF $#Großrussland $#Großrußland $#Russia -1917; 1992- $#Rossijskaja Imperija $#Russie $#Empire de Russie $#Russian Federation $#Federacja Rosyjska $#Rosja $#Rossija $#Rossijskaja Federacija $#Russische Föderation $#RF Rossija $#Russia $#Russland -1917 ; 1992- $#Russisches Reich $#РФ $#Российская Федерация $#Российская Империя $74076899-5 $8Russland [Tgz] $9085217913 044K $RPhilologe $RLinguistin $RLinguistik $#Linguists $#Linguistes $#Linguisti $#Lingüistas $#Sprachwissenschaftler $#Sprachforscher $74224183-2 $8Linguist [Ts1] $9086162179 044K $RMinderheit $RBedrohtes Volk $REthnische Gruppe $#Minorities $#Minorités $#Minderheit $#Ethnische Minorität $#Ethnisch-kulturelle Minderheit $#Ethnische Minderheit $#Nationale Minderheiten $74039409-8 $8Nationale Minderheit [Ts1] $908510745X 045F $a370.943809034 $eDDC23BSB 045F/01 $a370.9 045F/03 $f09034 045F/03 $f0904 045F/03 $g438 045F/03 $g471 045G $a909 $eDDC23BSB 045G/01 $a909 045G/03 $f09034 045G/03 $f0904 045G/03 $g438 045G/03 $g471 045R $aGeschichte 1845-1929 lok: 47595278 78 exp: 47595278 78 1 #EPN 201B/01 $022-02-21 $t11:07:27.000 201C/01 $022-02-21 201U/01 $0utf8 203@/01 $01142628205 204P/01 $010.1515/9783110416121-018 208@/01 $a22-02-21 $be 209A/01 $a/ $f000 $x00 209A/01 $ab*p $x01 220C/01 $apgar 244Z/01 $#Generalgouvernement Polen $#Polska $#Rzeczpospolita Polska $#Polska Rzeczpospolita Ludowa $#Poland $#Pologne $#République Polonaise $#Generalne Gubernatorstwo w Polsce $#Polish People's Republic $#Polska Rzeczpospolita Polen $#PRL $#RP $#Polen Generalgouvernement $#Polska Generalgouvernement $#Besetzte Polnische Gebiete $#Besetztes Gebiet in Polen $#Okupowane Polskie Obszary $#Obszary Okupowane w Polsce $#Volksrepublik Polen $#Polska Rosyjska $#Republic Polen $#Respublika Pol'ša $#Pol'skaja Narodnaja Respublika $#République de Pologne $#Polen Links der Weichsel $#Polska po Lewej Stronie Wisły $#Lenkija $#Polija $#Gubernija Carstva Pol'skago $#Republik Polen $74046496-9 $8--Tg1--Polen $x01 $9085129801 247C/01 $82080>Marburg/Lahn, Herder-Institut, Forschungsbibliothek, Bibliographieportal $9336309341
| LEADER | 00000caa a2200000 c 4500 | ||
|---|---|---|---|
| 001 | 475952782 | ||
| 003 | DE-603 | ||
| 005 | 20210510093154.0 | ||
| 007 | cr|||||||||||| | ||
| 008 | 210222s2015 xx |||| o| u00||u|eng c | ||
| 035 | |a (DE-599)HEB475952782 | ||
| 040 | |a DE-603 |b ger |c DE-603 |d DE-603 |e rda | ||
| 041 | |a eng | ||
| 082 | 0 | 4 | |8 1\u |a 370.943809034 |q DE-101 |2 23/BSB |
| 083 | 0 | |8 2\u |a 909 |q DE-101 |2 23/BSB | |
| 085 | |8 1\u |b 370.9 | ||
| 085 | |8 1\u |z 1 |s 09034 | ||
| 085 | |8 1\u |z 1 |s 0904 | ||
| 085 | |8 1\u |z 2 |s 438 | ||
| 085 | |8 1\u |z 2 |s 471 | ||
| 085 | |8 2\u |b 909 | ||
| 085 | |8 2\u |z 1 |s 09034 | ||
| 085 | |8 2\u |z 1 |s 0904 | ||
| 085 | |8 2\u |z 2 |s 438 | ||
| 085 | |8 2\u |z 2 |s 471 | ||
| 100 | 1 | |a Weeks, Theodore R. |d 1959- |e Verfasser |4 aut |0 (DE-603)350070717 |0 (DE-588)1061106705 |2 gnd | |
| 245 | 0 | 0 | |a Jan Baudouin de Courtenay: The Linguist as Anti-Nationalist and Imperial Citizen |c Theodore R. Weeks |
| 264 | 0 | |c 2015 | |
| 300 | |b 1 Illustration | ||
| 336 | |a Text |b txt |2 rdacontent | ||
| 337 | |a Computermedien |b c |2 rdamedia | ||
| 338 | |a Online-Ressource |b cr |2 rdacarrier | ||
| 600 | 1 | 7 | |a Baudouin de Courtenay, Jan Niecisław |d 1845-1929 |0 (DE-588)118507222 |0 (DE-603)086848356 |2 gnd |
| 648 | 7 | |a Geschichte 1845-1929 |2 gnd | |
| 650 | 7 | |a Linguist |0 (DE-588)4224183-2 |0 (DE-603)086162179 |2 gnd | |
| 650 | 7 | |a Nationale Minderheit |0 (DE-588)4039409-8 |0 (DE-603)08510745X |2 gnd | |
| 651 | 7 | |a Russland |0 (DE-588)4076899-5 |0 (DE-603)085217913 |2 gnd | |
| 773 | 0 | 8 | |i Enthalten in |t Eliten im Vielvölkerreich |d Berlin : De Gruyter Oldenbourg, 2015 |h VII, 411 Seiten, Illustrationen, Karten |z 3110416026 |z 9783110416022 |g (2015), Seite 338-354 |w (DE-603)358125367 |
| 924 | 1 | |9 2080 |a (DE-603)1142628205 |b DE-2080 |c HES |d d |g / | |


